<?xml version="1.0" encoding="UTF-8"?>
<collection xmlns="http://www.loc.gov/MARC21/slim">
 <record>
  <leader>00522nam a22001575a 4500</leader>
  <controlfield tag="001">CEM.cems015652</controlfield>
  <controlfield tag="005">20100805175852.0</controlfield>
  <controlfield tag="008">130507s1979##################000#0#####d</controlfield>
  <controlfield tag="003">CEMS</controlfield>
  <datafield tag="082" ind1="0" ind2="4">
   <subfield code="a">639.3</subfield>
  </datafield>
  <datafield tag="245" ind1="0" ind2="0">
   <subfield code="a">Cría de peces de agua dulce: cómo empezar /</subfield>
   <subfield code="c">,</subfield>
  </datafield>
  <datafield tag="260" ind1=" " ind2=" ">
   <subfield code="a">Roma :</subfield>
   <subfield code="b">Organización de las Naciones Unidas para la Agricultura y la Alimentaciónultura y la,</subfield>
   <subfield code="c">1979</subfield>
  </datafield>
  <datafield tag="300" ind1=" " ind2=" ">
   <subfield code="a">43 p.</subfield>
  </datafield>
  <datafield tag="653" ind1=" " ind2=" ">
   <subfield code="a">Piscicultura</subfield>
  </datafield>
  <datafield tag="653" ind1=" " ind2=" ">
   <subfield code="a">Peces-cría</subfield>
  </datafield>
  <datafield tag="859" ind1=" " ind2=" ">
   <subfield code="a">CEMS</subfield>
   <subfield code="b">BIB. CEMS - Agricultura</subfield>
   <subfield code="h">639.3</subfield>
   <subfield code="i">C868</subfield>
   <subfield code="p">A9237.81</subfield>
   <subfield code="t">Ej.1</subfield>
   <subfield code="v">1</subfield>
   <subfield code="3">Vol. 1</subfield>
  </datafield>
 </record>
</collection>
